| 000 | 00965nam a2200253Ia 4500 | ||
|---|---|---|---|
| 003 | OSt | ||
| 005 | 20220923213104.0 | ||
| 006 | a|||||r|||| 00| 0 | ||
| 007 | ta | ||
| 008 | 220922b |||||||| |||| 00| 0 hin d | ||
| 024 | _a158,846 | ||
| 037 | _cTextual | ||
| 040 |
_aARTS _cARTS _bhin |
||
| 041 |
_2hin _ahin |
||
| 082 | _aO152,1(Q223):g, L4 | ||
| 100 |
_aगुप्त, चन्द कला _9156266 |
||
| 245 | 0 | _aहिन्दी कृष्ण काव्य में स्वच्छन्दता मूलक प्रवृतियॉ | |
| 246 | _aHindī kṛuṣhṇa kāvya mean svachchhandatā mūlak pravṛutiyaॉ | ||
| 260 |
_aनई दिल्ली _b आर्य बुक डिपो _c1974 |
||
| 300 |
_a132पृ. _ccm. |
||
| 650 |
_aहिन्दी साहित्य _9156264 |
||
| 942 |
_hO152,1(Q223):g, L4 _cTEXL _2CC |
||
| 999 |
_c313593 _d313593 |
||